| 000 | 00000nam 2200000za 4500 |
| 001 | 9.608400 |
| 003 | CaOODSP |
| 005 | 20221107134212 |
| 007 | cr ||||||||||| |
| 008 | 150406t19971998xxc ||||o f000 0 fre d |
| 020 | |z0-662-82967-0 |
| 040 | |aCaOODSP|bfre |
| 043 | |an-cn--- |
| 086 | 1 |aA54-8/1998-2F-PDF|zA54-8/1998-2F |
| 245 | 00|aRessources zoogénétiques du Canada |h[ressource électronique] : |bles races bovines au Canada / |crédacteurs, J.N.B. Shrestha et C. Hansen. |
| 246 | 10|aRaces bovines au Canada |
| 250 | |a1re éd. Mars 1997 |
| 260 | |aOttawa : |bDirection générale de la recherche, Agriculture et Agroalimentaire Canada. |c1997, c1998. |
| 300 | |a97 p. |
| 490 | 1 |aBulletin technique ; |v1998-2F |
| 500 | |a« Centre de recherches alimentaires et zootechniques, numéro de contribution 98-05 » |
| 500 | |aPublication historique numérisée par Agriculture et Agroalimentaire Canada. |
| 500 | |aPublié aussi en anglais sous le titre : Canada's animal genetic resources : cattle breeds in Canada. |
| 590 | |a15-05-Supp|b2015-03-31 |
| 691 | 07|aBovin|2gcpds |
| 691 | 07|aBovin laitier|2gcpds |
| 691 | 07|aGénétique|2gcpds |
| 691 | 07|aBétail|2gcpds |
| 700 | 1 |aShrestha, J. N. B. |
| 700 | 1 |aHansen, C. |
| 710 | 1 |aCanada. |bAgriculture et agroalimentaire Canada. |bDirection générale de la recherche. |
| 775 | 08|tCanada's animal genetic resources |w(CaOODSP)9.581633 |
| 776 | 0#|tRessources zoogénétiques du Canada: les races bovines au Canada / |w(CaOODSP)9.624751 |
| 830 | #0|aBulletin technique (Canada. Agriculture et ago-alimentaire Canada. Direction générale de la recherche)|v1998-2F|w(CaOODSP)9.504351 |
| 856 | 40|ahttp://publications.gc.ca|qPDF|s5.93 Mo|uhttps://publications.gc.ca/collections/collection_2015/aac-aafc/A54-8-1998-2-fra.pdf|y1998-2F |